000 03443cam a2200301 4500500
005 20260405003403.0
041 _afre
042 _adc
100 1 0 _aHerbelin, Alice
_eauthor
700 1 0 _aBuclet, Nicolas
_eauthor
245 0 0 _aL’agglomération de Roussillon en moyenne vallée du Rhône : une proximité historique remise en cause entre ville et industrie
260 _c2017.
500 _a20
520 _aNous proposons d’analyser les proximités entre collectivités et industries sur un territoire industriel urbain à travers le prisme des réseaux de transports de personnes, d’adduction en eau potable, et d’assainissement. Nous analyserons ces proximités aussi bien en termes « physiques » (proximité spatiale et construction des réseaux), qu’« institutionnels » (cloisonnement, échanges ou coopération), à travers la trajectoire historique de l’agglomération de Roussillon, située en moyenne vallée du Rhône marquée et façonnée par l’implantation de l’entreprise Rhône-Poulenc à Roussillon (en Isère) au début du XXe siècle. Nous verrons comment la compréhension des liens entre industrie et territoire dans le temps long permet de mieux comprendre l’existence, l’émergence, ou la disparition actuelle de ces liens. Cet article nous conduira finalement à questionner les rôles mutuels des collectivités et de l’industrie envers le territoire. Après avoir décrit « un désengagement » du développement territorial de la firme au cours de la deuxième moitié du XXe siècle, nous introduisons l’écologie industrielle et territoriale comme une opportunité de « ré-engagement » des entreprises sur le territoire au travers d’une coopération accrue avec les collectivités.
520 _aThis paper offers an analysis of proximities between local public authorities and industrial actors in an urban industrial space through the lens of two networks : public transportation and water systems. We analyze “physical” (spatial) and “institutional” (compartmentalization, exchanges, cooperation) proximities, through the historical trajectory of the agglomeration of Roussillon, located in the mid-Rhône valley, and shaped by the establishment of the company Rhône-Poulenc (a major French chemical group) in the area at the beginning of the 20th century. We underline how a historical understanding of the links between local public authorities and industrial actors allows comprehension of the existence, emergence and disappearance of these links. The paper then questions the mutual roles of local public authorities and industries in territorial development. After a description of a “disengagement” of the private firm in the second half of the 20th century, we introduce the “industrial and territorial ecology” approach as an opportunity for “re-engagement” of private firms in the area through increased cooperation with local public authorities.
690 _aécologie industrielle
690 _aécologie territoriale
690 _aflux
690 _aproximités
690 _avallée du Rhône
690 _aflows
690 _aindustrial ecology
690 _aproximities
690 _aRhône valley
690 _aterritorial ecology
786 0 _nFlux | 109-110 | 3 | 2017-11-30 | p. 73-86 | 1154-2721
856 4 1 _uhttps://shs.cairn.info/revue-flux-2017-3-page-73?lang=fr&redirect-ssocas=7080
999 _c2067020
_d2067020